Mmmmm..... a Simpsons Sequel Quiz Stats

Quiz Updated Nov 3, 2015

Challenge
Share
Tweet
Embed
Score 0/20 Timer 03:00
3 Plays Today
% Correct
Mmmm... Beer
91.7%
Mmmm... Fifty Dollar Pretzel
85.2%
Mmmm... Unprocessed Fish Sticks
85%
Mmmm... Open-Faced Club Sandwedge
83.5%
Mmmm... Danish
82.6%
Mmmm... Hog Fat
78.1%
Mmmm... Pie Pants
76.3%
Mmmm... Something
76.1%
Mmmm... Extra-Virgin
70.8%
Mmmm... Sweet Mint Julep
68.6%
% Correct
Mmmm... Mediciney
68.3%
Mmmm... Urinal Fresh
67.4%
Mmmm... Sacrilicious
64.8%
Mmmm... Recirculated Air
64%
Mmmm... Me
62.9%
Mmmm... McNuggets
54.8%
Mmmm... Historically Inaccurate
52.5%
Mmmm... Slanty
51.8%
Mmmm... Free Wig
49.9%
Mmmm... Incapacitating
45.6%

You're not logged in!

Compare scores with friends on all Sporcle quizzes.
Join for Free
OR
Log In

You Might Also Like...

Show Comments

Extras

Top Quizzes Today


Score Distribution

Your Account Isn't Verified!

In order to create a playlist on Sporcle, you need to verify the email address you used during registration. Go to your Sporcle Settings to finish the process.

Report this User

Report this user for behavior that violates our Community Guidelines.

Details: